000 00536nam a22002057a 4500
003 OSt
005 20160518134120.0
008 160518b xxu||||| |||| 00| 0 eng d
020 _a9780340812921
040 _cDNLM
082 _aWB18 G186q 2004
100 _aGarner, Jeff; Goodfellow, Peter
_98855
245 _aQuestions for the Vivas
260 _aLondon; Hodder Arnold, 2004
300 _axiv,335p ill: 24cm
504 _aIndex included
650 _aSurgery Vivas
_98856
650 _aMRCS Surgery
_98857
942 _2z
_cO_SHELF
999 _c4088
_d4088